| 000 | 00490nam a22001697a 4500 | ||
|---|---|---|---|
| 005 | 20251108164139.0 | ||
| 008 | 250721s1999 xx 000 0 ara d | ||
| 082 | 1 | 4 | _aق/أزو |
| 100 | 1 | _aأزوقة، محمد | |
| 245 | 1 | 0 |
_aو الشتاء يلد الربيع : _bرواية / |
| 264 | 1 |
_aعمان : _bأمانة عمان الكبرى، _c1999. |
|
| 300 | _a437ص. | ||
| 650 | 1 | 7 | _aالأدب العربي |
| 650 | 1 | 7 | _aالقصص العربية |
| 942 |
_2ddc _cBK |
||
| 999 |
_c4827 _d4827 |
||